Loading...

സ്വര്‍ണ്ണനിമിഷങ്ങള്‍

Bibliografiske detaljer
Main Authors: രാജന്‍ ചിന്നങ്ങത്തു്, Rajan Chinnangathe
Format: Printed Book
Udgivet: Thiruvananthapuram; Prabhatham Printing & Publishing Co. Pvt. Ltd.; 1982
Udgivelse:1st
Fag:
LEADER 00955nam a22001937a 4500
082 |a 894.M3  |b RAJ/S M2 
100 |a രാജന്‍ ചിന്നങ്ങത്തു്;  |9 744 
100 |a Rajan Chinnangathe  |9 1230 
240 |a Swarnanimishangal 
245 |a സ്വര്‍ണ്ണനിമിഷങ്ങള്‍ 
250 |a 1st 
260 |a Thiruvananthapuram;  |b Prabhatham Printing & Publishing Co. Pvt. Ltd.;  |c 1982 
300 |a 246p. 
650 |a മലയാളം; മലയാളം നോവല്‍  |9 3 
650 |a Malayalam; Malayalam Novel  |9 1231 
942 |c BK 
999 |c 30802  |d 30802 
952 |0 0  |1 0  |4 0  |6 894_000000000000000_M3_RAJ_S_M2  |7 0  |8 NOVET  |9 33709  |a MAL  |b MAL  |d 2015-04-28  |e 33784  |g 21.00  |l 0  |o 894.M3 RAJ/S M2  |p MAL033784  |r 2015-04-28  |t 1  |w 2015-04-28  |y BK 
952 |0 0  |1 0  |4 0  |6 894_000000000000000_M3_RAJ_S_M2_1  |7 0  |8 NOVET  |9 33710  |a MAL  |b MAL  |c STAFF  |d 2015-04-28  |e 30870  |g 21.00  |l 0  |o 894.M3 RAJ/S M2 ;1  |p MAL030870  |r 2015-04-28  |t 2  |w 2015-04-28  |y BK